[Event "BCF-chT2 2223 (4NCL)"]
[Site "England"]
[Date "2023.04.30"]
[Round "10.63"]
[White "Carleton, John Joseph"]
[Black "Coathup, Roger"]
[Result "1-0"]
[WhiteElo "2107"]
[BlackElo "2137"]
[PlyCount "91"]
[EventDate "2022.10.22"]
[EventType "team-tourn"]
[EventRounds "11"]
[EventCountry "ENG"]
[SourceTitle "EXT 2024"]
[Source "ChessBase"]
[SourceDate "2023.10.10"]
[SourceVersion "1"]
[SourceVersionDate "2023.10.10"]
[SourceQuality "1"]
[WhiteTeam "Spirit of Atticus"]
[BlackTeam "North East England"]
[WhiteTeamCountry "ENG"]
[BlackTeamCountry "ENG"]

1. e4 c5 2. Nc3 a6 3. g3 b5 4. Bg2 Bb7 5. Nge2 e6 6. 0-0 Qc7 7. d4 cxd4 8. Nxd4 Nf6 9. Re1 d6 10. Nd5 Nxd5 11. exd5 e5 12. f4 Nd7 13. Nc6 f6 14. Qg4 Nb6 15. fxe5 fxe5 16. Qe6+ Be7 17. Bg5 Bxc6 18. dxc6 Ra7 19. Rf1 Kd8 20. Rf7 Bxg5 21. Rxc7 Kxc7 22. Rf1 Bf6 23. Rxf6 gxf6 24. Qxf6 Rc8 25. Qe7+ Kb8 26. Qxd6+ Rac7 27. Qxe5 Nc4 28. Qc5 Re8 29. h4 Re5 30. Qf8+ Ka7 31. Qd8 Ree7 32. b3 Nb6 33. Qd4 Re2 34. a4 bxa4 35. bxa4 a5 36. Qc5 Re1+ 37. Kh2 Rb1 38. Bd5 Kb8 39. Bb3 Na8 40. Qb5+ Ka7 41. Qxa5+ Kb8 42. Qb5+ Ka7 43. a5 Re1 44. Qc5+ Kb8 45. Qf8+ Rc8 46. Qb4+ 1-0

[Event "BCF-chT2 2223 (4NCL)"]
[Site "England"]
[Date "2023.01.14"]
[Round "3.55"]
[White "Miller, Dominic"]
[Black "Carleton, John Joseph"]
[Result "1-0"]
[WhiteElo "2124"]
[BlackElo "2107"]
[PlyCount "61"]
[EventDate "2022.10.22"]
[EventType "team-tourn"]
[EventRounds "11"]
[EventCountry "ENG"]
[SourceTitle "EXT 2024"]
[Source "ChessBase"]
[SourceDate "2023.10.10"]
[SourceVersion "1"]
[SourceVersionDate "2023.10.10"]
[SourceQuality "1"]
[WhiteTeam "Sussex Martlets"]
[BlackTeam "Spirit of Atticus"]
[WhiteTeamCountry "ENG"]
[BlackTeamCountry "ENG"]

1. e4 c6 2. d4 d5 3. e5 Bf5 4. h4 c5 5. dxc5 Nc6 6. Bb5 Qc7 7. Nc3 0-0-0 8. Bxc6 Qxc6 9. Qd4 e6 10. b4 b6 11. Be3 f6 12. Nge2 bxc5 13. bxc5 fxe5 14. Qxe5 Nf6 15. Nd4 Qc7 16. Qxc7+ Kxc7 17. Ncb5+ Kd7 18. c6+ Ke8 19. Nxa7 Bb4+ 20. Ke2 Ra8 21. Rab1 Rxa7 22. Rxb4 Ra8 23. Rb7 Ne4 24. Nb5 Rxa2 25. Rb8+ Kf7 26. Rxh8 Rxc2+ 27. Kf3 e5 28. Rc1 Rb2 29. Rb8 h5 30. g3 d4 31. Rb7+ 1-0

[Event "BCF-chT2 2223 (4NCL)"]
[Site "England"]
[Date "2022.10.23"]
[Round "2.44"]
[White "Berry, Neil"]
[Black "Carleton, John Joseph"]
[Result "1-0"]
[WhiteElo "2252"]
[BlackElo "2107"]
[PlyCount "69"]
[EventDate "2022.10.22"]
[EventType "team-tourn"]
[EventRounds "11"]
[EventCountry "ENG"]
[SourceTitle "EXT 2024"]
[Source "ChessBase"]
[SourceDate "2023.10.10"]
[SourceVersion "1"]
[SourceVersionDate "2023.10.10"]
[SourceQuality "1"]
[WhiteTeam "Alba"]
[BlackTeam "Spirit of Atticus"]
[WhiteTeamCountry "ENG"]
[BlackTeamCountry "ENG"]

1. d4 Nf6 2. c4 e5 3. dxe5 Ng4 4. e4 Nxe5 5. f4 Nec6 6. Nc3 a5 7. Be3 Na6 8. Nf3 Bc5 9. Qd2 d6 10. 0-0-0 0-0 11. Bd3 Bxe3 12. Qxe3 Nc5 13. Bc2 Bg4 14. h3 Bxf3 15. gxf3 a4 16. a3 Na5 17. Rhg1 Ncb3+ 18. Kb1 Nxc4 19. Qd3 Nb6 20. e5 g6 21. Bxb3 axb3 22. Ne4 dxe5 23. Qxb3 Qe7 24. f5 Rfd8 25. Rxd8+ Rxd8 26. fxg6 hxg6 27. Rxg6+ Kh7 28. Rf6 Nd5 29. Rxf7+ Qxf7 30. Ng5+ Kg7 31. Nxf7 Kxf7 32. Qxb7 Ke6 33. Qc6+ Rd6 34. Qe8+ Kf6 35. h4 1-0

[Event "BCF-chTa 1920 (4NCL)"]
[Site "Daventry"]
[Date "2020.02.29"]
[Round "1.36"]
[White "Carleton, John Joseph"]
[Black "Greet, Andrew"]
[Result "0-1"]
[WhiteElo "2238"]
[BlackElo "2419"]
[PlyCount "76"]
[EventDate "2019.11.09"]
[EventType "team-tourn"]
[EventRounds "11"]
[EventCountry "ENG"]
[SourceTitle "CBM 195 Extra"]
[Source "ChessBase"]
[SourceDate "2020.05.31"]
[SourceVersion "1"]
[SourceVersionDate "2020.05.31"]
[SourceQuality "1"]
[WhiteTeam "Spirit of Atticus"]
[BlackTeam "Wood Green"]
[WhiteTeamCountry "ENG"]
[BlackTeamCountry "ENG"]

1. d4 Nf6 2. Nf3 e6 3. c4 b6 4. g3 Ba6 5. b3 b5 6. cxb5 Bxb5 7. Bg2 Bb4+ 8. Bd2 a5 9. 0-0 0-0 10. Nc3 Ba6 11. Re1 d5 12. a3 Be7 13. Ne5 Nfd7 14. Nxd7 Nxd7 15. e4 dxe4 16. Nxe4 Bb7 17. Qc2 Bd5 18. b4 axb4 19. axb4 c6 20. Nc5 Nb6 21. Bf1 Bf6 22. Be3 Rxa1 23. Rxa1 Bf3 24. Qd2 Qd5 25. Ra6 Nc4 26. Qd3 Nxe3 27. fxe3 h5 28. Ra7 h4 29. Nd7 hxg3 30. hxg3 Rd8 31. Nxf6+ gxf6 32. Ra5 Qd6 33. Kf2 Qxb4 34. Qa3 Qb1 35. Qe7 Rb8 36. g4 Rb2+ 37. Kg3 Qe1+ 38. Kf4 Qxa5 0-1

[Event "BCF-chTa 1920 (4NCL)"]
[Site "Daventry"]
[Date "2020.01.11"]
[Round "3.45"]
[White "Carleton, John Joseph"]
[Black "Palliser, Richard"]
[Result "0-1"]
[WhiteElo "2238"]
[BlackElo "2399"]
[PlyCount "80"]
[EventDate "2019.11.09"]
[EventType "team-tourn"]
[EventRounds "11"]
[EventCountry "ENG"]
[SourceTitle "CBM 194 Extra"]
[Source "ChessBase"]
[SourceDate "2020.03.31"]
[SourceVersion "1"]
[SourceVersionDate "2020.03.31"]
[SourceQuality "1"]
[WhiteTeam "Spirit of Atticus"]
[BlackTeam "White Rose"]
[WhiteTeamCountry "ENG"]
[BlackTeamCountry "ENG"]

1. d4 Nf6 2. c4 g6 3. Nc3 Bg7 4. e4 d6 5. Nf3 0-0 6. Be2 e5 7. d5 a5 8. Bg5 h6 9. Bh4 Na6 10. 0-0 Nc5 11. Nd2 Qd7 12. Qc2 Nh5 13. Bxh5 gxh5 14. f3 f5 15. exf5 Qxf5 16. Nde4 Qg6 17. Qe2 Nxe4 18. Nxe4 Bf5 19. Rad1 Bxe4 20. fxe4 Rf4 21. Rxf4 exf4 22. Rf1 Be5 23. Be1 Qg4 24. Qf3 Qxf3 25. Rxf3 Bxb2 26. Rb3 Bd4+ 27. Bf2 Bf6 28. Rxb7 Re8 29. Rxc7 Rxe4 30. Kf1 a4 31. c5 dxc5 32. d6 Rb4 33. d7 Rb1+ 34. Ke2 Rb2+ 35. Kf3 Rxa2 36. Bxc5 Rd2 37. Bb6 a3 38. Rc8+ Kf7 39. d8Q Bxd8 40. Rxd8 Rxd8 0-1

[Event "BCF-chT2 1819 (4NCL) Promotion"]
[Site "England"]
[Date "2019.05.05"]
[Round "10.11"]
[White "Carleton, John Joseph"]
[Black "Bisby, Daniel L"]
[Result "1/2-1/2"]
[WhiteElo "2265"]
[BlackElo "2342"]
[PlyCount "91"]
[EventDate "2018.11.10"]
[EventType "team-tourn"]
[EventRounds "11"]
[EventCountry "ENG"]
[SourceTitle "EXT 2021"]
[Source "ChessBase"]
[SourceDate "2020.10.23"]
[SourceVersion "1"]
[SourceVersionDate "2020.10.23"]
[SourceQuality "1"]
[WhiteTeam "Spirit of Atticus"]
[BlackTeam "Cambridge University"]
[WhiteTeamCountry "ENG"]
[BlackTeamCountry "ENG"]

1. d4 Nf6 2. c4 g6 3. Nc3 Bg7 4. Nf3 0-0 5. e3 c5 6. d5 d6 7. Be2 e5 8. 0-0 Ne8 9. Bd2 f5 10. a3 Nd7 11. b4 e4 12. Ne1 Ne5 13. f4 exf3 14. gxf3 Bd7 15. Ng2 b6 16. Rc1 Bh6 17. Qe1 Rc8 18. b5 Qe7 19. a4 Ng7 20. a5 Nh5 21. Nf4 Rce8 22. Ne6 Bxe6 23. dxe6 Qxe6 24. Nd5 f4 25. e4 Qh3 26. Rf2 Nf6 27. Qf1 Qh4 28. Nxf6+ Qxf6 29. Ra1 Bg7 30. Bc3 Qg5+ 31. Rg2 Qe7 32. axb6 axb6 33. Ra6 Nd7 34. Bxg7 Qxg7 35. Bd1 Qd4+ 36. Kh1 Ne5 37. Rga2 Kh8 38. Be2 Rb8 39. Ra7 Rf7 40. Qh3 Rbf8 41. Rxf7 Nxf7 42. Kg2 Qf6 43. Ra7 Kg8 44. Kf1 Ng5 45. Qd7 Nf7 46. Qb7 1/2-1/2

[Event "BCF-chT2a 1819 (4NCL)"]
[Site "England"]
[Date "2019.01.12"]
[Round "3.13"]
[White "Brooks, Phil J"]
[Black "Carleton, John Joseph"]
[Result "0-1"]
[WhiteElo "2184"]
[BlackElo "2253"]
[PlyCount "132"]
[EventDate "2018.11.10"]
[EventType "team-tourn"]
[EventRounds "11"]
[EventCountry "ENG"]
[SourceTitle "EXT 2021"]
[Source "ChessBase"]
[SourceDate "2020.10.23"]
[SourceVersion "1"]
[SourceVersionDate "2020.10.23"]
[SourceQuality "1"]
[WhiteTeam "Warwicks Select"]
[BlackTeam "Spirit of Atticus"]
[WhiteTeamCountry "ENG"]
[BlackTeamCountry "ENG"]

1. d4 d5 2. c4 e6 3. Nc3 Bb4 4. e3 Nf6 5. a3 Bxc3+ 6. bxc3 c6 7. Nf3 0-0 8. Bd3 b6 9. cxd5 cxd5 10. c4 Ba6 11. cxd5 Qxd5 12. 0-0 Bxd3 13. Qxd3 Nbd7 14. Qe2 Rfc8 15. Bb2 b5 16. Rfc1 Nb6 17. Bc3 Ne4 18. Qe1 f6 19. h3 Na4 20. Bb4 Nb2 21. Qe2 Nc4 22. Be1 a5 23. Qa2 Rab8 24. Rcb1 Rc6 25. Rb3 h5 26. Qb1 Kf7 27. Qd1 g6 28. Rab1 a4 29. Rd3 Ncd6 30. Bb4 Rbc8 31. Ra1 Rc2 32. Nd2 Qf5 33. Qf3 Qxf3 34. gxf3 Nxd2 35. Rxd2 Rc1+ 36. Rd1 Rxa1 37. Rxa1 Nf5 38. Ra2 Rc1+ 39. Kh2 Nh4 40. f4 g5 41. fxg5 fxg5 42. Rb2 Kg6 43. Be7 Rc7 44. Bc5 Rb7 45. Kg3 Rf7 46. f4 Nf5+ 47. Kf3 g4+ 48. hxg4 hxg4+ 49. Kxg4 Nxe3+ 50. Kf3 Nd5 51. Rg2+ Kf6 52. Rh2 Rg7 53. Bd6 Rg1 54. Rh7 Kg6 55. Rb7 Rb1 56. Ke4 Re1+ 57. Kd3 Re3+ 58. Kd2 Rb3 59. Rb8 Kf5 60. Re8 Ne3 61. Bc5 Nc4+ 62. Kc1 Nxa3 63. Rb8 Nc4 64. Rf8+ Ke4 65. Rf6 Kd3 66. Rxe6 Nd2 0-1

[Event "BCF-chT1d 1718 (4NCL) Demotion pool"]
[Site "England"]
[Date "2018.05.07"]
[Round "11.61"]
[White "Carleton, John Joseph"]
[Black "Rudd, Jack"]
[Result "1/2-1/2"]
[WhiteElo "2293"]
[BlackElo "2270"]
[PlyCount "85"]
[EventDate "2017.11.11"]
[EventType "team-swiss"]
[EventRounds "11"]
[EventCountry "ENG"]
[SourceTitle "EXT 2019"]
[Source "ChessBase"]
[SourceDate "2018.10.10"]
[SourceVersion "1"]
[SourceVersionDate "2018.10.10"]
[SourceQuality "1"]
[WhiteTeam "Spirit of Atticus"]
[BlackTeam "West is Best"]
[WhiteTeamCountry "ENG"]
[BlackTeamCountry "ENG"]

1. d4 Nf6 2. c4 e6 3. Nc3 Bb4 4. e3 b6 5. Nge2 Ba6 6. a3 Be7 7. b3 d5 8. Bb2 0-0 9. Ng3 Re8 10. Be2 c6 11. 0-0 Nbd7 12. e4 dxe4 13. Ngxe4 c5 14. dxc5 Nxc5 15. Nxc5 Bxc5 16. Bf3 Rc8 17. Qe2 Nd5 18. Qd2 Ne7 19. Rfd1 Nf5 20. Ne4 Bf8 21. g3 Qxd2 22. Rxd2 b5 23. cxb5 Bxb5 24. Nc3 Bc6 25. Bxc6 Rxc6 26. Nb5 Rb6 27. Nd4 Nxd4 28. Bxd4 Rxb3 29. Bxa7 Rxa3 30. Rxa3 Bxa3 31. Rd7 Rc8 32. Be3 Kf8 33. Kg2 Ke8 34. Ra7 Be7 35. Kf3 f6 36. g4 Rc4 37. h3 Kf7 38. Rb7 e5 39. g5 f5 40. g6+ Ke6 41. Rb6+ Kd5 42. Rb5+ Ke6 43. Rb6+ 1/2-1/2

[Event "BCF-chT1d 1718 (4NCL) Demotion pool"]
[Site "England"]
[Date "2018.05.06"]
[Round "10.64"]
[White "Carleton, John Joseph"]
[Black "Ledger, Andrew"]
[Result "1/2-1/2"]
[WhiteElo "2293"]
[BlackElo "2363"]
[PlyCount "104"]
[EventDate "2017.11.11"]
[EventType "team-swiss"]
[EventRounds "11"]
[EventCountry "ENG"]
[SourceTitle "EXT 2019"]
[Source "ChessBase"]
[SourceDate "2018.10.10"]
[SourceVersion "1"]
[SourceVersionDate "2018.10.10"]
[SourceQuality "1"]
[WhiteTeam "Spirit of Atticus"]
[BlackTeam "Blackthorne Russia"]
[WhiteTeamCountry "ENG"]
[BlackTeamCountry "ENG"]

1. d4 Nf6 2. c4 e6 3. Nc3 Bb4 4. e3 0-0 5. Bd3 d5 6. cxd5 exd5 7. Nge2 Re8 8. Bd2 Nbd7 9. Rc1 c6 10. 0-0 Bd6 11. f3 c5 12. Qe1 b6 13. Qf2 Bb7 14. g4 Nf8 15. Nb5 Be7 16. Ng3 Ne6 17. Nf5 Bf8 18. Qh4 h6 19. Rce1 a6 20. Nc3 Nh7 21. Qxd8 Raxd8 22. Ne2 g6 23. Nfg3 Bg7 24. Bc3 Bf6 25. f4 Nc7 26. f5 g5 27. Nh5 c4 28. Bc2 Rxe3 29. Neg3 Rde8 30. Rxe3 Rxe3 31. Kf2 Re7 32. a4 Re8 33. Ne2 Be7 34. Ng1 f6 35. Nf3 Bd6 36. h4 Kf7 37. hxg5 hxg5 38. Rh1 Kg8 39. b3 b5 40. Ba5 Bc6 41. Rb1 Rb8 42. axb5 axb5 43. Re1 Ne8 44. b4 Bd7 45. Nd2 Kf7 46. Nb1 Nc7 47. Nc3 Bc6 48. Bxc7 Bxc7 49. Re6 Rb6 50. Bd1 Bb7 51. Rxb6 Bxb6 52. Ke3 Ke7 1/2-1/2

[Event "BCF-chT1a 1718 (4NCL)"]
[Site "England"]
[Date "2018.03.17"]
[Round "7.13"]
[White "Carleton, John Joseph"]
[Black "Edouard, Romain"]
[Result "0-1"]
[WhiteElo "2293"]
[BlackElo "2619"]
[PlyCount "50"]
[EventDate "2017.11.11"]
[EventType "team-swiss"]
[EventRounds "11"]
[EventCountry "ENG"]
[SourceTitle "EXT 2019"]
[Source "ChessBase"]
[SourceDate "2018.10.10"]
[SourceVersion "1"]
[SourceVersionDate "2018.10.10"]
[SourceQuality "1"]
[WhiteTeam "Spirit of Atticus"]
[BlackTeam "Guildford"]
[WhiteTeamCountry "ENG"]
[BlackTeamCountry "ENG"]

1. d4 Nf6 2. c4 b6 3. Nc3 Bb7 4. Qc2 d5 5. Nf3 e6 6. cxd5 Nxd5 7. e4 Nxc3 8. bxc3 Be7 9. Bd3 0-0 10. h4 c5 11. e5 h6 12. Bh7+ Kh8 13. Ng5 cxd4 14. cxd4 Qxd4 15. Bb2 Qg4 16. Be4 Rc8 17. Qd1 Qxd1+ 18. Kxd1 Bxe4 19. Nxe4 Na6 20. Rh3 Nc5 21. Re3 Na4 22. Rb1 Rc4 23. Nd6 Bxd6 24. exd6 Rd8 25. Rd3 Nc5 0-1

[Event "BCF-chT1a 1718 (4NCL)"]
[Site "England"]
[Date "2018.02.11"]
[Round "6.41"]
[White "Carleton, John Joseph"]
[Black "Pigott, John C"]
[Result "0-1"]
[WhiteElo "2293"]
[BlackElo "2418"]
[PlyCount "46"]
[EventDate "2017.11.11"]
[EventType "team-swiss"]
[EventRounds "11"]
[EventCountry "ENG"]
[SourceTitle "EXT 2019"]
[Source "ChessBase"]
[SourceDate "2018.10.10"]
[SourceVersion "1"]
[SourceVersionDate "2018.10.10"]
[SourceQuality "1"]
[WhiteTeam "Spirit of Atticus"]
[BlackTeam "The ADS"]
[WhiteTeamCountry "ENG"]
[BlackTeamCountry "ENG"]

1. d4 Nf6 2. c4 g6 3. Nc3 Bg7 4. e4 d6 5. f4 c5 6. d5 0-0 7. Nf3 e6 8. Be2 exd5 9. exd5 Bf5 10. 0-0 Na6 11. h3 Re8 12. g4 Ne4 13. Nxe4 Bxe4 14. a3 Qe7 15. Bd3 Nc7 16. a4 Na6 17. Ra3 Nb4 18. Bxe4 Qxe4 19. Re3 Qxc4 20. Rfe1 Rxe3 21. Rxe3 Nxd5 22. Rd3 Nxf4 23. Rxd6 Qxc1 0-1

[Event "West Bromwich Midland op-A"]
[Site "West Bromwich"]
[Date "2017.08.12"]
[Round "3"]
[White "Arkell, Keith C"]
[Black "Carleton, John Joseph"]
[Result "1-0"]
[WhiteElo "2414"]
[BlackElo "2300"]
[PlyCount "83"]
[EventDate "2017.08.11"]
[EventType "swiss"]
[EventRounds "5"]
[EventCountry "ENG"]
[SourceTitle "CBM 180 Extra"]
[Source "ChessBase"]
[SourceDate "2017.10.06"]
[SourceVersion "1"]
[SourceVersionDate "2017.10.06"]
[SourceQuality "1"]

1. Nf3 d5 2. c4 e6 3. cxd5 exd5 4. d4 Nf6 5. Nc3 Bb4 6. Qa4+ Nc6 7. Bg5 Qd6 8. Bxf6 Qxf6 9. e3 0-0 10. Be2 Rd8 11. 0-0 Be6 12. Rfc1 Bf8 13. a3 a6 14. Qd1 Ne7 15. Na4 c6 16. Nc5 Rab8 17. Ne5 Nf5 18. Nxe6 fxe6 19. Qd3 Bd6 20. f4 Bxe5 21. dxe5 Qg6 22. Rf1 c5 23. Rf2 c4 24. Qc3 d4 25. exd4 Rxd4 26. Rd1 Rbd8 27. Rxd4 Nxd4 28. Bxc4 Qe4 29. Qd3 Nf3+ 30. Qxf3 Qxc4 31. h4 Rd3 32. Qe2 Qd4 33. Kh2 h6 34. h5 Kh8 35. Qc2 Qd7 36. Qc4 Rd4 37. Qe2 Qd5 38. Qf3 Qxf3 39. Rxf3 b5 40. Kg3 g5 41. fxg5 hxg5 42. Rf6 1-0

[Event "West Bromwich Midland op-A"]
[Site "West Bromwich"]
[Date "2017.08.12"]
[Round "2"]
[White "Carleton, John Joseph"]
[Black "Okhai, Shabir"]
[Result "1-0"]
[WhiteElo "2300"]
[BlackElo "2111"]
[PlyCount "85"]
[EventDate "2017.08.11"]
[EventType "swiss"]
[EventRounds "5"]
[EventCountry "ENG"]
[SourceTitle "CBM 180 Extra"]
[Source "ChessBase"]
[SourceDate "2017.10.06"]
[SourceVersion "1"]
[SourceVersionDate "2017.10.06"]
[SourceQuality "1"]

1. d4 d5 2. c4 e6 3. g3 Nf6 4. Bg2 c6 5. Nf3 Be7 6. 0-0 0-0 7. Qc2 b6 8. Nbd2 Bb7 9. e4 dxe4 10. Nxe4 Nxe4 11. Qxe4 Nd7 12. Rd1 Qc8 13. Bf4 Re8 14. Qc2 a5 15. Rac1 Ra7 16. c5 b5 17. a4 b4 18. Nd2 Nf6 19. Bg5 Ba8 20. Nc4 Rd8 21. Nb6 Qb7 22. Bxf6 Bxf6 23. Qe4 Ra6 24. Nc4 Qc7 25. h4 Bb7 26. Ne5 g6 27. f4 Kg7 28. Bf3 Raa8 29. Kf2 Rac8 30. Qe3 Qb8 31. h5 Qc7 32. Rh1 Bxe5 33. dxe5 Ba6 34. Rcd1 Rxd1 35. Rxd1 Bc4 36. Rd6 Bd5 37. Bxd5 cxd5 38. h6+ Kg8 39. c6 Qe7 40. Qb6 f6 41. Rd7 Qf8 42. c7 Qxh6 43. Qxe6+ 1-0

[Event "BCF-chT2b 1617 (4NCL)"]
[Site "England"]
[Date "2017.02.11"]
[Round "5.51"]
[White "Carleton, John Joseph"]
[Black "Bisby, Daniel L"]
[Result "1-0"]
[WhiteElo "2290"]
[BlackElo "2311"]
[PlyCount "61"]
[EventDate "2016.11.19"]
[EventType "team-tourn"]
[EventRounds "11"]
[EventCountry "ENG"]
[SourceTitle "EXT 2019"]
[Source "ChessBase"]
[SourceDate "2018.10.10"]
[SourceVersion "1"]
[SourceVersionDate "2018.10.10"]
[SourceQuality "1"]
[WhiteTeam "Spirit of Atticus"]
[BlackTeam "Cambridge University"]
[WhiteTeamCountry "ENG"]
[BlackTeamCountry "ENG"]

1. d4 Nf6 2. c4 g6 3. Nc3 Bg7 4. e4 d6 5. Be2 0-0 6. f4 c5 7. Nf3 cxd4 8. Nxd4 Na6 9. 0-0 Nc5 10. Bf3 a6 11. Be3 e5 12. Nb3 Ne6 13. fxe5 dxe5 14. Qxd8 Rxd8 15. Rad1 Bd7 16. Nd5 Ba4 17. Rd2 Bxb3 18. axb3 Nd7 19. b4 Nd4 20. Bg4 f5 21. exf5 gxf5 22. Bxf5 Nxf5 23. Rxf5 Nf8 24. Rdf2 Rd7 25. Bd2 Rad8 26. Bc3 Ng6 27. g3 Rc8 28. Rd2 Kh8 29. h4 Rxc4 30. h5 Nf8 31. h6 1-0

[Event "BCF-chT1d 1516 (4NCL) Demotion pool"]
[Site "England"]
[Date "2016.05.01"]
[Round "10.172"]
[White "Carleton, John Joseph"]
[Black "Graham, David Bruce"]
[Result "0-1"]
[WhiteElo "2290"]
[BlackElo "2111"]
[PlyCount "162"]
[EventDate "2015.11.14"]
[EventType "team-tourn"]
[EventRounds "4"]
[EventCountry "ENG"]
[SourceTitle "EXT 2017"]
[Source "ChessBase"]
[SourceDate "2016.10.25"]
[SourceVersion "1"]
[SourceVersionDate "2016.10.25"]
[SourceQuality "1"]
[WhiteTeam "Spirit of Atticus"]
[BlackTeam "Sussex Martlets"]
[WhiteTeamCountry "ENG"]
[BlackTeamCountry "ENG"]

1. d4 Nf6 2. c4 g6 3. Nc3 Bg7 4. e4 d6 5. Be2 0-0 6. f4 c5 7. Nf3 cxd4 8. Nxd4 Nc6 9. Be3 a6 10. 0-0 Bd7 11. Kh1 b5 12. cxb5 Nxd4 13. Bxd4 Bxb5 14. Nxb5 axb5 15. Bxb5 Qa5 16. a4 Qb4 17. Rc1 Rac8 18. Rxc8 Rxc8 19. Qd3 Nxe4 20. Qxe4 Qxd4 21. Qxd4 Bxd4 22. b4 Rc2 23. Rb1 e5 24. fxe5 dxe5 25. Bd3 Rd2 26. Bc4 e4 27. g3 e3 28. Re1 g5 29. Re2 Kf8 30. Kg2 Bc3 31. Kf3 Rd4 32. Bb5 Bd2 33. Rg2 Rxb4 34. g4 Rb1 35. Ke4 Ke7 36. Kd3 f6 37. Bc4 Ra1 38. Bb5 Kd6 39. Ke2 Ke5 40. Kf3 h6 41. h4 gxh4 42. Rh2 Be1 43. Kxe3 Ra3+ 44. Bd3 Rxa4 45. Re2 Bg3 46. Kf3+ Kd6 47. Be4 Be5 48. Kg2 Ra3 49. Rd2+ Kc5 50. Rd3 Ra2+ 51. Kh1 Rh2+ 52. Kg1 Re2 53. Bg2 Rb2 54. Rd1 Rb3 55. Kf2 Bd4+ 56. Kf1 h3 57. Be4 Rg3 58. Rd3 Rxg4 59. Bb7 Rh4 60. Ke2 h2 61. Bh1 Be5 62. Rd5+ Kb4 63. Rd1 Rg4 64. Rb1+ Kc3 65. Rc1+ Kb2 66. Rf1 Rg1 67. Bb7 Kc3 68. Rf3+ Kd4 69. Rd3+ Kc5 70. Rh3 Rb1 71. Ba8 Rb8 72. Bf3 Rb2+ 73. Kd3 Rb3+ 74. Ke4 Rb4+ 75. Kd3 Bf4 76. Rh5+ Kd6 77. Ba8 Ra4 78. Bh1 Ra1 79. Bf3 Ra2 80. Bb7 Bg5 81. Ke4 Ra7 0-1

[Event "BCF-chT1a 1516 (4NCL)"]
[Site "England"]
[Date "2016.02.13"]
[Round "5.144"]
[White "Claridge Hansen, William"]
[Black "Carleton, John Joseph"]
[Result "1/2-1/2"]
[WhiteElo "2294"]
[BlackElo "2290"]
[PlyCount "82"]
[EventDate "2015.11.14"]
[EventType "team-tourn"]
[EventRounds "7"]
[EventCountry "ENG"]
[SourceTitle "CBM 170 Extra"]
[Source "ChessBase"]
[SourceDate "2016.02.25"]
[SourceVersion "1"]
[SourceVersionDate "2016.02.25"]
[SourceQuality "1"]
[WhiteTeam "Oxford"]
[BlackTeam "Spirit of Atticus"]
[WhiteTeamCountry "ENG"]
[BlackTeamCountry "ENG"]

1. c4 e6 2. g3 d5 3. Nf3 Nf6 4. Bg2 dxc4 5. Qa4+ Nbd7 6. Qxc4 a6 7. Qc2 c5 8. 0-0 b5 9. a4 Bb7 10. axb5 axb5 11. Rxa8 Qxa8 12. Na3 Bc6 13. Nh4 b4 14. Nc4 Be7 15. Bxc6 Qxc6 16. b3 0-0 17. Bb2 Ra8 18. f4 Ne8 19. Nf3 f6 20. g4 Nd6 21. f5 Nxc4 22. Qxc4 Qd5 23. Qc2 exf5 24. gxf5 Qf7 25. Ra1 Rxa1+ 26. Bxa1 Nb6 27. e4 g6 28. fxg6 hxg6 29. d3 Qe6 30. Qg2 g5 31. Nd2 Bd6 32. d4 cxd4 33. Bxd4 Be5 34. Nf3 Nd7 35. Nxe5 Nxe5 36. Qg3 Nc6 37. Bb2 Kf7 38. Qf3 Kg6 39. Qd3 Ne5 40. Bxe5 Qxe5 41. Qc4 Qb8 1/2-1/2

[Event "BCF-ch Atkins op"]
[Site "Coventry"]
[Date "2015.08.01"]
[Round "2"]
[White "Walker, Samuel"]
[Black "Carleton, John Joseph"]
[Result "0-1"]
[WhiteElo "1960"]
[BlackElo "2273"]
[PlyCount "46"]
[EventDate "2015.07.31"]
[EventType "swiss"]
[EventRounds "5"]
[EventCountry "ENG"]
[SourceTitle "CBM 167 Extra"]
[Source "ChessBase"]
[SourceDate "2015.09.14"]
[SourceVersion "1"]
[SourceVersionDate "2015.09.14"]
[SourceQuality "1"]

1. d4 d5 2. g3 Nf6 3. Bg2 e6 4. Nf3 Be7 5. c4 0-0 6. 0-0 Nbd7 7. Qc2 c6 8. Nbd2 b6 9. e4 a5 10. Ne5 Bb7 11. exd5 cxd5 12. cxd5 Nxd5 13. Nc6 Bxc6 14. Qxc6 Rc8 15. Qb5 Nb4 16. Nf3 Nf6 17. Rd1 Qd5 18. Qxb6 Bd8 19. Qa7 Rc7 20. Qb8 Nd7 21. Ne5 Nxb8 22. Bxd5 Nxd5 23. Bd2 Rc2 0-1